Nr. 1 Hits in Deutschland 2014 - Statistiken

Allgemein
  • Dieses Quiz wurde 120 mal gespielt
  • Das Durchschnittsergebnis liegt bei 6 aus 14
Antwortstatistiken
Wochen auf Platz 1 Lied Interpret % Korrekt
2 Wochen Auf uns Andreas Bourani
90%
8 Wochen Happy Pharrell Williams
82%
3 Wochen Timber Pitbull feat. Kesha
74%
4 Wochen Traum Cro
72%
5 Wochen Prayer in C(Robin Schulz Remix) Lilly Wood & the Prick& Robin Schulz
68%
6 Wochen All About That Bass Meghan Trainor
64%
7 Wochen Lovers on the Sun David Guetta feat. Sam Martin
51%
4 Wochen Rather Be Clean Bandit feat. Jess Glynne
39%
6 Wochen Dangerous David Guetta feat. Sam Martin
30%
2 Wochen When the Beat Drops Out Marlon Roudette
27%
2 Wochen Do They Know It’s Christmas?(Deutsche Version) Band Aid 30 Germany
23%
4 Wochen Waves (Robin Schulz Remix) Mr. Probz
14%
1 Woche Fade Out Lines The Avener
9%
1 Woche The One Aneta Sablik
6%
Keine übereinstimmenden Quizze gefunden
Verteilung der Resultate
Anzahl Personen mit jedem Resultat
Perzentil nach korrekt beantworteten Fragen
Ihre Resultats-Entwicklung
Sie haben dieses Quiz noch nicht gespielt